Sports Quiz

Random Sports or WWE Quiz

WWE Shooting Gallery (Attitude Era) Quiz Stats

 Plays Quiz not verified by Sporcle

Score 0/55 Timer 10:00
0 Plays Today
% Correct
Triple H
88.3%
Billy Gunn
88.1%
X-Pac
87.6%
Shawn Michaels
87.5%
Road Dogg
87.3%
Chyna
87.3%
Jim Ross
86.9%
Jerry Lawler
86.8%
Bubba Ray Dudley
86.5%
Jeff Hardy
86.3%
Edge
86.3%
Christian
86.3%
Vince McMahon
86.2%
D-Von Dudley
86.1%
Michael Cole
86.1%
Booker T
86.1%
Matt Hardy
86.1%
Chris Jericho
85.2%
Bradshaw
84.9%
Stone Cold Steve Austin
84.1%
Faarooq
83.5%
Kurt Angle
83%
Scotty 2 Hotty
82.9%
Jonathan Coachman
82.4%
Big Show
81.8%
Grandmaster Sexay
81.3%
Rikishi
79.5%
The Rock
79.3%
% Correct
Undertaker
78.8%
Kane
78.7%
Paul Heyman
78.6%
Lita
77.7%
The Goodfather
76.7%
Spike Dudley
76.6%
Al Snow
76.3%
Chris Benoit
76.1%
Steven Richards
76.1%
Dean Malenko
75.7%
Bull Buchanan
75.6%
Rob Van Dam
75.3%
Eddie Guerrero
75.1%
Val Venis
73.9%
Perry Saturn
73.9%
The Blue Meanie
72.9%
Rick Rude
72.9%
Gillberg
72.3%
Kevin Kelly
71.5%
Ivory
71.2%
Shane McMahon
69.2%
Bob Holly
67.3%
Rhyno
66.6%
Tori
66.1%
Scorpio
64%
Tazz
61.4%
The Kat
54%

You're not logged in!

Compare scores with friends on all Sporcle quizzes.
OR
Log In

Show Comments

Extras

Top Quizzes Today


Score Distribution

Your Account Isn't Verified!

In order to create a playlist on Sporcle, you need to verify the email address you used during registration. Go to your Sporcle Settings to finish the process.

Report this User

Report this user for behavior that violates our Community Guidelines.

Details: